| 000 | 01543cam a2200433 i 4500 | ||
|---|---|---|---|
| 999 |
_c3241 _d3241 |
||
| 003 | ALUPE UNIVERSITY | ||
| 005 | 20210903082815.0 | ||
| 008 | 140711s1994 enk ob 001 0 eng d | ||
| 020 | _a9781489971227 | ||
| 020 | _a148997122X | ||
| 020 | _z0412410001 | ||
| 020 | _z9780412410000 | ||
| 039 | _aexclude | ||
| 040 | _cGW5XE | ||
| 043 | _ae-uk--- | ||
| 050 | 4 |
_aKD3400 _b.S63 1994eb |
|
| 060 | 4 | _a1994 A-651 | |
| 060 | 4 |
_aWX 32 FA1 _bF4s 1994 |
|
| 090 |
_aInternet Access _bAEU |
||
| 100 | 1 | _aFinch, John D. | |
| 245 | 1 | 0 |
_aSpeller's law relating to hospitals / _cJohn Finch. |
| 250 | _aSeventh edition. | ||
| 264 | 1 |
_aLondon ; _aNew York : _bChapman & Hall Medical, _c1994. |
|
| 300 | _a1 online resource (lxxii, 894 pages) | ||
| 336 |
_atext _btxt _2rdacontent |
||
| 337 |
_acomputer _bc _2rdamedia |
||
| 338 |
_aonline resource _bcr _2rdacarrier |
||
| 500 | _aRevised edition of: Speller's law relating to hospitals and kindred institutions. 6th ed. 1978. | ||
| 504 | _aIncludes bibliographical references and index. | ||
| 506 | _aAccess restricted to authorized users and institutions. | ||
| 588 | 0 | _aPrint version record. | |
| 650 | 0 |
_aHospitals _xLaw and legislation _zGreat Britain. |
|
| 650 | 0 |
_aHealth facilities _xLaw and legislation _zGreat Britain. |
|
| 650 | 0 |
_aMedical laws and legislation _zGreat Britain. |
|
| 650 | 1 | 2 | _aLegislation, Hospital. |
| 700 | 1 |
_aSpeller, S. R. _q(Sydney Reginald). _tLaw relating to hospitals and kindred institutions. |
|
| 942 |
_2lcc _cBK _nCM |
||
| 949 |
_hUAIN _zSPRINGER |
||